01457nam a2200301 a 4500001001000000005001700010008004100027041000800068044000800076084002000084100004500104245012300149260003000272300002200302500017100324500016300495500005200658500008600710500001000796546002400806650005200830650005600882650003400938650004500972700003901017700004901056740005001105BRCA_319820190320204146.0180209s1731----enka---###---#000-0#eng-u aeng aenk a499b.W36c17311 aCervantes Saavedra, Miguel ded1547-161610aThe History of the Valorous and Witty Knight-Errant Don Quixote de la Manchacwritten in spanish by Michael Cervantes. aLondresbJ. Walthoec1731 a4 v.bil.c17 cm. aContenido : v 1. Primera parte. Dedicatoria del traductor. Versos preliminares. Prólogo del autor. Texto. -- v 2. Texto. -- v 3. Segunda parte. Texto. -- v 4. Texto aEdición : Traslated into English by Thomas Shelton and now Print Verbatim from the 4a ed. of 1620. With a Curios sett of New Cuts, from the French of Coypel aEjemplar igual al LO-498. Piel Lúdovik Osterc aEstado físico : El volumen 1 de esta edición presenta la cubierta desprendida aQM407 aTexto en : inglés14aNovela españolayÉpoca clásica, 1500-170014aLiteratura españolayÉpoca clásica, 1500-170014aNovela españolaySiglo XVII14aDon Quijote (Personaje ficticio)eNovela1 aShelton, Thomasd?-1626eTraductor1 aCoypel, Charles-Antoned1694-1752eTraductor0 aEl Ingenioso Hidalgo Don Quijote de la Mancha